NPB通算1500安打達成者 - Statistics

General Stats
  • This quiz has been taken 42 times
  • The average score is 73 of 139
Answer Stats
Hint Answer % Correct
2447 坂本勇人
97%
3085 張本勲
93%
2339 山本浩二
93%
2901 野村克也
90%
2786 王貞治
90%
1952 福留孝介
90%
2543 衣笠祥雄
87%
2471 長嶋茂雄
87%
2017 ラミレス
87%
2543 福本豊
83%
2480 立浪和義
83%
2371 落合博満
83%
2122 清原和博
83%
2108 谷繁元信
83%
2099 鳥谷敬
83%
2097 古田敦也
83%
2043 浅村栄斗
83%
1956 青木宣親
83%
1643 山田哲人
83%
1616 柳田悠岐
83%
2566 門田博光
80%
2150 栗山巧
80%
2120 小笠原道大
80%
2101 中村紀洋
80%
1656 掛布雅之
80%
2539 金本知憲
77%
2186 内川聖一
77%
2050 和田一浩
77%
2041 小久保裕紀
77%
2000 福浦和也
77%
1520 岡田彰布
77%
2432 石井琢朗
73%
2203 新井貴浩
73%
2157 秋山幸二
73%
2132 阿部慎之助
73%
2090 松井稼頭央
73%
2067 大島洋平
73%
2012 田中幸雄
73%
1830 中村剛也
73%
1579 中田翔
73%
2228 大杉勝男
70%
2020 野村謙二郎
70%
1929 丸佳浩
70%
1912 井端弘和
70%
1792 ローズ
70%
1789 菊池涼介
70%
1761 秋山翔吾
70%
1675 原辰徳
70%
2452 土井正博
67%
2133 宮本慎也
67%
2045 荒木雅博
67%
1694 藤村富美男
67%
2351 川上哲治
63%
2204 大島康徳
63%
2167 稲葉篤紀
63%
2119 前田智徳
63%
2018 柴田勲
63%
1865 村田修一
63%
1760 井口資仁
63%
2173 若松勉
60%
2055 加藤英司
60%
1928 谷佳知
60%
1928 中島宏之
60%
1834 山崎武司
60%
1767 松中信彦
60%
1753 高橋由伸
60%
1579 リー
60%
2314 榎本喜八
57%
1888 真弓明信
57%
1516 中村晃
57%
1512 長野久義
57%
1506 緒方孝市
57%
2095 松原誠
53%
2006 駒田徳広
53%
1832 松田宣浩
53%
1826 高橋慶彦
53%
2274 高木守道
50%
2271 山内一弘
50%
2062 谷沢健一
50%
2057 有藤通世
50%
1559 江藤智
50%
1521 池山隆寛
50%
2057 江藤慎一
47%
1738 伊東勤
47%
1581 森野将彦
47%
2157 広瀬叔功
43%
2064 藤田平
43%
1864 吉田義男
43%
1755 糸井嘉男
43%
1739 和田豊
43%
1608 鈴木大地
43%
1532 田淵幸一
43%
2038 新井宏昌
40%
1865 大村直之
40%
1833 石毛宏典
40%
1717 小鶴誠
40%
1591 仁志敏久
40%
1525 初芝清
40%
2081 山崎裕之
37%
1904 松永浩美
37%
1717 西沢道夫
37%
1827 青田昇
33%
1667 大下弘
33%
1599 佐々木誠
33%
1978 飯田徳治
30%
1977 毒島章一
30%
1827 堀幸一
30%
1963 小玉明利
27%
1876 木俣達彦
27%
1716 高木豊
27%
1696 篠塚和典
27%
1682 今江年晶
27%
1546 正田耕三
27%
1526 坂口智隆
27%
1560 田尾安志
23%
1504 島田誠
23%
1824 大石大二郎
20%
1736 広沢克実
20%
1699 豊田泰光
20%
1648 金城龍彦
20%
1620 宇野勝
20%
1551 平野謙
20%
1831 白仁天
17%
1745 葛城隆雄
17%
1597 佐伯貴弘
17%
1522 水谷実雄
17%
1627 金子誠
13%
1820 中暁生
10%
1605 千葉茂
10%
1506 弘田澄男
7%
1736 近藤和彦
3%
1527 金田正泰
3%
1514 島谷金二
3%
1504 羽田耕一
3%
1734 基満男
0%
1634 小川亨
0%
1611 高倉照幸
0%
1574 白石勝巳
0%
1513 堀井数男
0%
No matching quizzes found
Score Distribution
Percent of People with Each Score
Percentile by Number Answered
Your Score History
You have not taken this quiz